| 000 | 00470nam a2200181Ia 4500 | ||
|---|---|---|---|
| 003 | IIN | ||
| 005 | 20250507124955.0 | ||
| 008 | 231217s9999 xx 000 0 und d | ||
| 020 |
_cRs.395.00 _a9789374737279 |
||
| 040 |
_aIIN _bEnglish |
||
| 082 |
_a610.73 _bKHA |
||
| 100 | 1 | _aKhanna, Purnima | |
| 245 |
_aApplied Sociology for Nurses/ _cPurnima Khanna |
||
| 260 |
_aDelhi _bAITBS _c2023 |
||
| 300 | _axxiii, 293p. | ||
| 650 |
_aSociology _vfor Nurses |
||
| 942 | _cBOOK | ||
| 999 |
_c1600 _d1600 |
||